Creepy crawlies

Bibliographic Details
Main Author: Rani Parkaran
Corporate Author: Title
Format: Book
Published: Kuala Lumpur : Pekan Ilmu Publications , 2004
Series:Science kids series
Subjects:

MARC

LEADER 00000cam a2200000 7i4500
001 0000006723
005 20151222.0
008 070820
020 |a 9832576491 
020 |a 9832576505(set) 
090 0 0 |a JF   |b SC ENG (6402) 
100 0 |a Rani Parkaran 
245 1 0 |a Creepy crawlies   |c Rani Parkaran 
260 |a Kuala Lumpur :   |b Pekan Ilmu Publications ,   |c 2004 
440 |a Science kids series 
500 |a Children ages 7-9 years old (orange) 
650 0 |a Junior fiction   |x English   |x Languages 
650 0 |a Science 
710 0 |a Title 
999 |a 0000986688   |b Book   |c Children Collection   |e Perbadanan Perpustakaan Awam Johor 
999 |a 0000986689   |b Book   |c Children Collection   |e Cawangan Segamat 
999 |a 0000986690   |b Book   |c Children Collection   |e Perbadanan Perpustakaan Awam Johor 
999 |a 0000986691   |b Book   |c Children Collection   |e Cawangan Pontian 
999 |a 0000987345   |b Book   |c Children Collection   |e Cawangan Pontian